=LDR 00000nam 2200000 4500 =001 INLIS000000000032620 =005 20130612134623 =008 ***********************************ind** =035 ##$$0010-061300000032620 =041 ##$$a ind =082 ##$$a 028.5 =090 ##$$a 028.5; Mah,c =100 ##$$a Maharani =245 ##$$a Cuning Bangawa, Learnet A.Lesson, Maharani;Penyunting,Eva Yuliana =260 ##$$a 2007 $b Jakarta =300 ##$$a 36 hlm., Illus., 21 cm =650 ##$$a Bacaan Anak-Anak =700 ##$$a Yuliana, Eva =850 ##$$a NBPNMAT